| 000 | 02471nam0a2200373 4500 | ||
|---|---|---|---|
| 001 | RU\NLR\bibl\483362 | ||
| 005 | 20260406145321.0 | ||
| 010 |
_a5-94454-021-4 _9300 |
||
| 021 |
_aRU _b2003-66627 _93286 |
||
| 035 | _a(NLR Aleph) 000476123 | ||
| 090 |
_a1024354 _c1024354 |
||
| 100 | _a20040126d2003 |||y0rusy50 ca | ||
| 101 | 0 | _arus | |
| 102 | _aRU | ||
| 105 | _aa ||||||||| | ||
| 200 | 1 |
_aНаучные основы технологии машиностроения _eУчеб. пособие для студентов вузов, обучающихся по направлению подгот. бакалавров и магистров "Технология, оборудование и автоматизация машиностроит. пр-в" дипломир. специалистов "Конструкт.-технол. обеспечение машиностроит. пр-в" _fВ.Н. Матвеев, А.П. Абызов, А.Г. Схиртладзе _gМ-во образования Рос. Федерации, Альметьев. гос. нефт. ин-т, Кам. гос. политехн. ин-т, Моск. гос. технол. ун-т "Станкин", Учеб.-метод. об-ние по образованию в обл. автоматизир. машиностроения |
|
| 205 | _a2-е изд., доп. | ||
| 210 |
_aАльметьевск _cАльметьев. нефт. ин-т _d2003 |
||
| 215 |
_a247 с. _cил. _d20 |
||
| 225 | 1 | _aБиблиотека технолога | |
| 225 | 1 | _aДля вузов | |
| 320 | _aБиблиогр.: с. 245 (9 назв.) | ||
| 606 | 0 |
_aМашиностроение _jРуководства, пособия и т.п. для высшей школы _xТехнологические процессы _xТеория _92079717 _3RU\NLR\auth\661255610 |
|
| 606 | 0 |
_aМашиностроение _jУчебные издания для высших учебных заведений _xТехнологические процессы _xТеория _92079717 _3RU\NLR\auth\661255610 |
|
| 686 | _aК5-1я73-1 | ||
| 700 | 1 |
_aМатвеев _bВ. Н. _4070 |
|
| 701 | 1 |
_aАбызов _bА. П. _4070 |
|
| 701 | 1 |
_4070 _7ca _8rus _aСхиртладзе _bА. Г. _f1943- _gАлександр Георгиевич _9114542 _3RU\NLR\auth\774564 |
|
| 801 | 0 |
_aRU _bNLR _c20040126 _gPSBO |
|
| 801 | 1 |
_aRU _bNLR _c20040126 |
|
| 942 | _cBOOK | ||
| 980 | _aNB | ||
| 980 | _aNBR | ||